Statistics for Anagram Challenge #3

Click here to take the quiz!

General Stats

  • This quiz has been taken 95 times
  • The average score is 17 of 30

Answer Stats

Hint Answer % Correct
Common canned fishTuna
97%
Female relativeAunt
96%
Part of the handPalm
93%
Reading lightLamp
91%
Earth tremorsQuakes
81%
Mouse soundSqueak
79%
Paris, London eg.Cities
74%
Poseidon's domainOcean
74%
Ballroom danceTango
73%
Ledge for booksShelf
73%
Newspaper pieceArticle
71%
Shylock's poundFlesh
63%
Seven-sided figureHeptagon
63%
Pacific countryTonga
60%
Of the EastOriental
56%
Most wintryIciest
54%
Blacked out, swoonedFainted
53%
Jamaican languageEnglish
49%
Hiawatha's craftCanoe
47%
Roofing pieceShingle
47%
Disease causerPathogen
37%
Musical performanceRecital
37%
Came to an endFinished
36%
Queen supporter, eg.Royalist
34%
Resisting authorityDefiant
30%
KinshipRelation
26%
On one's ownSolitary
23%
Debate comebacksRebuttals
21%
Very wickedFiendish
14%
Reliable, dependableTrustable
7%

Score Distribution

Percentile by Number Answered

Percent of People with Each Score

Your Score History

You have not taken this quiz